000 01191nam a2200241 4500
005 20210322120716.0
008 210322s2007 pe ao||fr|||| 001 0 spa d
020 _a9789972667428
040 _aCENDOC CAAAP
_bspa
_cCAAAP
041 _aspa
050 _aQK 99.P4
_bR46 2007
100 1 _91822
_aRengifo Salgado, Elsa
245 1 4 _aLas ramas floridas del bosque :
_bexperiencias en el manejo de plantas medicinales amazónicas /
_cElsa Rengifo Salgado
250 _a1ra ed.
260 _aIquitos :
_bInstituto de Investigaciones de la Amazonía Peruana,
_c2007
300 _a88 p. :
_bilustraciones, fotografías ;
_c29 cm
505 _aContiene : Introducción -- Las ramas escogidas: base de datos -- Estudio de caso: buscando la cura para la malaria -- Análisis socioeconómico: comercialización y perspectivas -- Etnomedicina, etnobotánica y farmacología : un alcance para el estudio de las plantas medicinales --- Glosarios.
650 1 0 _9378
_aPlantas medicinales
_zAmazonas,
_zPerú
650 2 0 _9688
_aEtnología
650 2 0 _91321
_aBotánica
856 _uhttp://repositorio.iiap.org.pe/bitstream/IIAP/147/2/Rengifo_libro_2007.pdf
_yver documento
942 _2lcc
_b22 - 03 - 21
_cBK
999 _c753
_d753